The Burger Quiz Stats

Quiz not verified by Sporcle

Challenge
Share
Tweet
Embed
Score 0/12 Timer 05:00
0 Plays Today
Question Answer Wrong Answers
Which burger would be found at a Burger King? Double Whopper
92.3%
Quarter Pounder
3.8%
Double-Double
1.9%
Famous Star
1.9%
Which chain is essentially the same as Carl's Jr.,.but on the East Coast? Hardee's
90.4%
Jack in the Box
5.8%
Burger King
3.8%
McDonald's
0%
Who serves tacos? Jack in the Box
90.4%
McDonald's
0%
Burger King
3.8%
Pizza Hut
5.8%
Which chain started All Day Breakfast in 2015? McDonald's
84.6%
Jack in the Box
11.5%
In-N-Out
3.8%
Whataburger
0%
Which restaurant recently added hot dogs to their menu? Burger King
78.8%
Carl's Jr.
0%
Sonic
15.4%
Wendy's
5.8%
Which of these McDonald's products is not considered a complete flop? Big N' Tasty
63.5%
Arch Deluxe
7.7%
McLean Deluxe
19.2%
Hula Burger
9.6%
Which chain used Paris Hilton in their advertising? Carl's Jr.
59.6%
McDonald's
9.6%
Pizza Hut
11.5%
Subway
19.2%
What is the largest In-N-Out size you can currently order? (MeatXCheese) 4x4
55.8%
2x2
5.8%
20x20
15.4%
6x6
23.1%
Which of these burger chains is generally the most expensive? Carl's Jr.
44.2%
McDonald's
7.7%
Wendy's
38.5%
Burger King
9.6%
How many calories does the Double Quarter Pounder with Cheese have? 780
40.4%
740
15.4%
1020
36.5%
490
7.7%
Which restaurant chain is known for having television advertising in regions that do not have their restaurant? Sonic
38.5%
Jack in the Box
48.1%
Hardee's
3.8%
Big Boy
9.6%
Which of these In-N-Out Secret Menu items is a fake? With Wings
34.6%
Double Meat
5.8%
With Ketchup Instead
25%
Arnold Palmer
34.6%

You're not logged in!

Compare scores with friends on all Sporcle quizzes.
Sign Up with Email
OR
Log In

You Might Also Like...

Show Comments

Extras

Top Quizzes Today


Score Distribution

Your Account Isn't Verified!

In order to create a playlist on Sporcle, you need to verify the email address you used during registration. Go to your Sporcle Settings to finish the process.